000 00498nam a22001697a 4500
005 20251108175402.0
008 250721s2003 xx 000 0 ara d
082 1 4 _a973.931/وود
100 1 _aعبد الواحد، حسين
_eآخر
245 1 0 _aحرب بوش /
264 1 _aالقاهرة :
_bمدبولي الصغير،
_c2003.
300 _a158 ص.
650 1 7 _aالولايات المتحدة
650 1 7 _aعهد جورج بوش الثاني
942 _2ddc
_cBK
999 _c132870
_d132870